| 000 | 00547nam a2200205 a 4500 | ||
|---|---|---|---|
| 005 | 20260206064025.0 | ||
| 008 | 030526s2001 mx r 000 0 spa d | ||
| 020 | _a8424503295 | ||
| 035 | _aUPN01000124619 | ||
| 049 | _aCG | ||
| 050 | 4 |
_aGV1446 _bR4.3 2001 |
|
| 100 | 1 | _aReti, Ricardo | |
| 245 | 1 | 4 |
_aLos grandes maestros del tablero / _cRicardo Reti. |
| 250 | _a8a ed. | ||
| 260 |
_aMadrid : _bFundamentos, _c2001. |
||
| 300 | _a206 p. | ||
| 440 | 0 |
_aClub de ajedrez ; _v4 |
|
| 650 | 4 |
_aAjedrez _xEstudio y enseƱanza _91977 |
|
| 905 | _aLibro | ||
| 999 |
_c96798 _d96798 |
||